000 00275nam a22001097a 4500
005 20250527123456.0
008 230530b |||||||| |||| 00| 0 eng d
022 _a9770973847001
245 _aTHE IUP Journal of SOFT SKILLS
260 _bIUP PUBLICATIONS
_cMAR-2019
942 _cJRL
999 _c8309
_d8307